000 01701nam a2200301Ia 4500
001 IA_The work was developed in two phases, the first one consisted on a visual inspection, where each area was carefully observed, as well as all the systems employed for it´s operation. The second one consisted on a bibliografic consult and determination of adjusts to apply, once this was done the actual situation of the Enterprise was compared with the requirements of the Official Mexican Standards, by doing this we were able to make a table with the breaches and the relevant 2 corrections, so that the Enterprise may comply with the minimum measures for a proper implementation of the Official Mexican Standards.
002 ACTIVIDADES NECESARIAS PARA IMPLEMENTAR NORMAS OFI
008 220117s xx 000 0 und d
010 _a184509
530 _aDisponible en PDF
583 _a1 ej. imp. ; 2 ej. CD
650 _aBuenas prácticas de fabricación
_9148349
650 _aDesserts
_9157182
650 _aElectricidad
_936215
650 _aElectricity
_9150276
650 _aEstándares de calidad de un producto
_9153632
650 _aGood manufacturing practices
_9148471
650 _aIndustrial safety
_9157183
650 _aPostres
_9157184
650 _aProduct quality standards
_9153635
650 _aSeguridad industrial
_9103675
700 1 _aBañuelos Gudiño, Mario Marco Vinicio
_9156618
700 _aPonce Hernández, Pedro, asesor
_9163704
700 _aSzymaski Duque, Rosa Guadalupe, asesor
_9163716
700 _aVarela Castillo, Próspero Gabriel, coaut.
_9157186
942 _cTESIS B46 2012
999 _c184509
_d184509